|
|
|
|
| LEADER |
00000nam0a2200000 4500 |
| 001 |
38861 |
| 005 |
20231031010821.0 |
| 035 |
|
|
|a (RuTPU)RU\TPU\book\39691
|
| 090 |
|
|
|a 38861
|
| 100 |
|
|
|a 20020319d1970 k y0rusy50 ca
|
| 101 |
0 |
|
|a rus
|
| 102 |
|
|
|a RU
|
| 105 |
|
|
|a a z 001zy
|
| 200 |
1 |
|
|a Теория унитарной симметрии
|f Ю. Б. Румер, А. И. Фет
|
| 210 |
|
|
|a Москва
|c Наука
|d 1970
|
| 215 |
|
|
|a 400 с.
|c ил.
|
| 320 |
|
|
|a Библиогр.: с. 396.
|
| 320 |
|
|
|a Предм. указ.: с. 397-400.
|
| 610 |
1 |
|
|a физика
|
| 610 |
1 |
|
|a ядерная физика
|
| 610 |
1 |
|
|a теория
|
| 610 |
1 |
|
|a элементарные частицы
|
| 610 |
1 |
|
|a симметрия унитарная
|
| 675 |
|
|
|a 539.121
|v 3
|
| 700 |
|
1 |
|a Румер
|b Ю. Б.
|g Юрий Борисович
|
| 701 |
|
1 |
|a Фет
|b А. И.
|g Абрам Ильич
|
| 801 |
|
1 |
|a RU
|b 63413507
|c 20020319
|g PSBO
|
| 801 |
|
2 |
|a RU
|b 63413507
|c 20190123
|g PSBO
|
| 942 |
|
|
|c BK
|